Mecánica analítica para ingenieros
Wedi'i Gadw mewn:
| Prif Awdur: | |
|---|---|
| Awduron Eraill: | , |
| Fformat: | Llyfr |
| Iaith: | Spanish |
| Cyhoeddwyd: |
México : UTEHA,
1951
|
| Pynciau: | |
| Tagiau: |
Ychwanegu Tag
Dim Tagiau, Byddwch y cyntaf i dagio'r cofnod hwn!
|
MARC
| LEADER | 00000nam a2200000Ia 4500 | ||
|---|---|---|---|
| 003 | 002189 | ||
| 005 | 20221231143953.0 | ||
| 008 | 140114s1989 mx a 000 ||spa d | ||
| 040 | |c cru CEDI | ||
| 082 | |a 531.017 S452m | ||
| 100 | |a Seely, Fred B., n. 1884 |9 21363 | ||
| 245 | |a Mecánica analítica para ingenieros | ||
| 260 | |a México : UTEHA, |c 1951 | ||
| 300 | |a xiii,461 páginas: ilustraciones, digramas, gráficos ; 22 cm | ||
| 500 | |a Título original : Analytical Mechanics for Engineers | ||
| 651 | |x MECANICA - PROBLEMAS, EJERCICIOS, ETC. |9 21366 | ||
| 700 | |9 21364 |a Ensign, Newton E. | ||
| 700 | |9 21365 |a Ortiz R, Teodoro | ||
| 942 | |2 ddc |c BK | ||
| 999 | |c 14972 |d 14972 | ||
